Estudio y comprensión de la sociedad 8º educación básica: texto para el estudiante

Uloženo v:
Podrobná bibliografie
Hlavní autoři: Espinoza Ramírez, Celso (Autor), Pérez Venegas, Cristián Javier (Autor), Rojas Fabris, María Teresa (Autor)
Médium: Kniha
Jazyk:španělština
Vydáno: Santiago Santillana del Pacífico 2006
Témata:
Tagy: Přidat tag
Žádné tagy, Buďte první, kdo vytvoří štítek k tomuto záznamu!

MARC

LEADER 00000nam a2200000 a 4500
001 UCI5730
003 CL-VaPUC
008 080404e20060000CL |||||||||||||||||spa|d
020 |a 9561512718 
082 0 4 |a 372.83  |b ESP  |2 21 
100 0 |a Espinoza Ramírez, Celso  |e author  |9 528276 
700 0 |a Pérez Venegas, Cristián Javier  |e author  |9 528277 
700 0 |a Rojas Fabris, María Teresa  |e author  |9 528278 
245 1 0 |a Estudio y comprensión de la sociedad 8º educación básica: texto para el estudiante 
300 |a 196 p 
942 |c BK 
945 |d 20080404 00:00:00  |a jtorresc 
260 |a Santiago  |b Santillana del Pacífico  |c 2006 
650 0 |a Educación básica   |9 224933 
650 0 |a Enseñanza de la geografía  |9 310005 
650 0 |a Enseñanza de la historia   |9 307330 
650 7 |a PROGRAMACION DE EDUCACION  |2 CL-VaPUC  |9 528279 
650 7 |a LIBROS DE TEXTOS  |2 CL-VaPUC  |9 528280 
650 0 |a Métodos de enseñanza  |9 270413 
583 |a last modification  |c 20180314 11:24:37  |k Rodrigo Vera 
999 |c 329423  |d 329421 
952 |0 0  |1 0  |4 0  |6 372_830000000000000_ESP_2006  |7 0  |8 A  |9 414033  |a BIBEDU  |b BIBEDU  |d 2019-11-22  |i 4462688  |o 372.83 ESP 2006  |p 4462688  |r 2019-11-22  |w 2019-11-22  |y BK  |k EDU